000 00340nam a2200133 i 4500
001 bg
100 1 _aHORAK, Janusz.
245 0 _aSieci elektryczne.
_nCz. 1,
_pElementy sieci rozdzielczych /
_cJanusz Horak.
260 _aCzęstochowa,
_c1977.
040 _cBPK
041 _apol
942 _cKS
008 s pl f |000 0 pol
999 _c47161
_d47161
856 _uhttp://koha.tu.koszalin.pl/cgi-bin/koha/opac-detail.pl?biblionumber=47161
_yKatalog online BPK